[Event "American Continental TB"]
[Site "Montevideo URU"]
[Date "2015.05.24"]
[Round "1"]
[White "Kovalyov, Anton"]
[Black "Flores, Diego"]
[Result "1/2-1/2"]
[WhiteElo "2613"]
[BlackElo "2567"]
[PlyCount "121"]
[GameId "2130307658733008"]
[EventDate "2015.05.24"]
[EventType "tourn (rapid)"]
[EventRounds "5"]
[EventCountry "URU"]
[EventCategory "13"]
[SourceTitle "Mega2015 Update 27"]
[Source "Chessbase"]
[SourceDate "2015.05.29"]
[SourceVersion "2"]
[SourceVersionDate "2015.05.29"]
[SourceQuality "1"]

1. Nf3 Nf6 2. c4 c5 3. Nc3 Nc6 4. g3 g6 5. Bg2 Bg7 6. d4 O-O 7. O-O d6 8. dxc5 dxc5 9. Be3 Be6 10. Bxc5 Qa5 11. Ba3 Rfd8 12. Qb3 Qa6 13. Nb5 Rac8 14. Rad1 Rxd1 15. Rxd1 Na5 16. Qa4 Nxc4 17. Qxa6 bxa6 18. Nbd4 Bd5 19. Bxe7 Nxb2 20. Rb1 Na4 21. a3 Be4 22. Re1 Nd5 23. Bd6 Nac3 24. e3 Nb5 25. Nxb5 axb5 26. Nd4 Bxg2 27. Kxg2 a6 28. Rd1 Nb6 29. Rd3 Nc4 30. Bb4 Rd8 31. Kf1 a5 32. Be1 Bxd4 33. exd4 Rd5 34. Ke2 f6 35. Rb3 Kf7 36. f3 Ke6 37. g4 f5 38. h4 fxg4 39. fxg4 Rxd4 40. Rxb5 Rxg4 41. h5 g5 42. Rb7 Re4+ 43. Kf2 Rf4+ 44. Kg3 Rf7 45. Rb5 h6 46. Rc5 Nxa3 47. Rc6+ Kf5 48. Bxa5 Rd7 49. Rc3 Nb1 50. Rf3+ Ke4 51. Rf6 Rd5 52. Bb4 Rb5 53. Bf8 Rf5 54. Re6+ Kd5 55. Rd6+ Ke5 56. Rd8 Rf7 57. Bxh6 Rh7 58. Bxg5 Rxh5 59. Bf4+ Ke4 60. Kg4 Rd5 61. Rxd5 1/2-1/2

[Event "American Continental TB"]
[Site "Montevideo URU"]
[Date "2015.05.24"]
[Round "2"]
[White "Kovalyov, Anton"]
[Black "Iturrizaga Bonelli, Eduardo"]
[Result "1/2-1/2"]
[WhiteElo "2613"]
[BlackElo "2613"]
[PlyCount "20"]
[GameId "2130307658733012"]
[EventDate "2015.05.24"]
[EventType "tourn (rapid)"]
[EventRounds "5"]
[EventCountry "URU"]
[EventCategory "13"]
[SourceTitle "Mega2015 Update 27"]
[Source "Chessbase"]
[SourceDate "2015.05.29"]
[SourceVersion "2"]
[SourceVersionDate "2015.05.29"]
[SourceQuality "1"]

1. Nf3 Nf6 2. c4 c5 3. Nc3 g6 4. d4 cxd4 5. Nxd4 Nc6 6. e4 d6 7. f3 Bg7 8. Be3 O-O 9. Qd2 Bd7 10. Be2 Nxd4 1/2-1/2

[Event "American Continental TB"]
[Site "Montevideo URU"]
[Date "2015.05.24"]
[Round "3"]
[White "Perez Ponsa, Federico"]
[Black "Kovalyov, Anton"]
[Result "1/2-1/2"]
[WhiteElo "2533"]
[BlackElo "2613"]
[PlyCount "74"]
[GameId "2130307658733015"]
[EventDate "2015.05.24"]
[EventType "tourn (rapid)"]
[EventRounds "5"]
[EventCountry "URU"]
[EventCategory "13"]
[SourceTitle "Mega2015 Update 27"]
[Source "Chessbase"]
[SourceDate "2015.05.29"]
[SourceVersion "2"]
[SourceVersionDate "2015.05.29"]
[SourceQuality "1"]

1. e4 c5 2. Nf3 e6 3. d4 cxd4 4. Nxd4 Nc6 5. Nc3 a6 6. Be2 Nge7 7. O-O Qc7 8. Nb3 Ng6 9. f4 Be7 10. a4 b6 11. Be3 Rb8 12. Qe1 O-O 13. Kh1 Kh8 14. Rd1 Nb4 15. Nd4 f6 16. Rd2 Bc5 17. Qg3 Bb7 18. Bh5 Ne7 19. Rfd1 Rbd8 20. Bg4 Bc8 21. Nce2 Nbc6 22. c3 Na5 23. b4 Bxd4 24. Rxd4 Nc4 25. Bc1 d5 26. exd5 exd5 27. Bxc8 Qxc8 28. Qf3 Nd6 29. Ng3 f5 30. R4d3 Ne4 31. Be3 Qc7 32. Nh5 Rf7 33. b5 axb5 34. axb5 Nc5 35. R3d2 Ne4 36. Rd3 Nc5 37. R3d2 Ne4 1/2-1/2

[Event "American Continental TB"]
[Site "Montevideo URU"]
[Date "2015.05.24"]
[Round "4"]
[White "Kovalyov, Anton"]
[Black "Gonzalez Vidal, Yuri"]
[Result "1-0"]
[WhiteElo "2613"]
[BlackElo "2550"]
[PlyCount "47"]
[GameId "2130307658733018"]
[EventDate "2015.05.24"]
[EventType "tourn (rapid)"]
[EventRounds "5"]
[EventCountry "URU"]
[EventCategory "13"]
[SourceTitle "Mega2015 Update 27"]
[Source "Chessbase"]
[SourceDate "2015.05.29"]
[SourceVersion "2"]
[SourceVersionDate "2015.05.29"]
[SourceQuality "1"]

1. Nf3 Nf6 2. c4 e6 3. g3 d5 4. Bg2 dxc4 5. Qa4+ c6 6. Qxc4 b5 7. Qc2 Bb7 8. Nc3 Nbd7 9. O-O Be7 10. d3 O-O 11. a4 a6 12. e4 Rc8 13. Rd1 a5 14. Bf4 Ba6 15. Ne2 Nc5 16. Ne5 Bb7 17. d4 Nxa4 18. b3 Nb6 19. Rxa5 Nbd5 20. exd5 Qxa5 21. dxe6 Qb6 22. exf7+ Kh8 23. Qf5 Rcd8 24. Qh3 1-0

[Event "American Continental TB"]
[Site "Montevideo URU"]
[Date "2015.05.24"]
[Round "5"]
[White "Alonso, Salvador"]
[Black "Kovalyov, Anton"]
[Result "1/2-1/2"]
[WhiteElo "2488"]
[BlackElo "2613"]
[PlyCount "75"]
[GameId "2130307658733019"]
[EventDate "2015.05.24"]
[EventType "tourn (rapid)"]
[EventRounds "5"]
[EventCountry "URU"]
[EventCategory "13"]
[SourceTitle "Mega2015 Update 27"]
[Source "Chessbase"]
[SourceDate "2015.05.29"]
[SourceVersion "2"]
[SourceVersionDate "2015.05.29"]
[SourceQuality "1"]

1. d4 Nf6 2. c4 e6 3. Nf3 b6 4. a3 Ba6 5. Qc2 Bb7 6. Nc3 c5 7. d5 exd5 8. cxd5 Nxd5 9. Bg5 f6 10. Bh4 Qe7 11. e3 Nxc3 12. bxc3 Be4 13. Bd3 Bxd3 14. Qxd3 Nc6 15. O-O Qe6 16. c4 Bd6 17. Rfd1 Bc7 18. Rd2 Rd8 19. Rad1 Na5 20. Rc2 O-O 21. Bg3 Bxg3 22. hxg3 Rfe8 23. Qe2 d5 24. cxd5 Rxd5 25. Rxd5 Qxd5 26. Rd2 Qe6 27. Qd1 Qb3 28. Qc1 Qe6 29. Qd1 Qb3 30. Qf1 Qc4 31. Qb1 Qe6 32. Qb5 Nc4 33. Rd1 Rf8 34. a4 Ne5 35. Nxe5 fxe5 36. e4 h6 37. a5 Rc8 38. Rd5 1/2-1/2

[Event "American Continental"]
[Site "Montevideo URU"]
[Date "2015.05.15"]
[Round "1"]
[White "Benoit, Rodrigo"]
[Black "Kovalyov, Anton"]
[Result "1/2-1/2"]
[WhiteElo "2088"]
[BlackElo "2613"]
[PlyCount "95"]
[GameId "2130307659046522"]
[EventDate "2015.05.15"]
[EventType "swiss"]
[EventRounds "11"]
[EventCountry "URU"]
[SourceTitle "Mega2015 Update 27"]
[Source "Chessbase"]
[SourceDate "2015.05.29"]
[SourceVersion "2"]
[SourceVersionDate "2015.05.29"]
[SourceQuality "1"]

1. d4 Nf6 2. c4 e6 3. Nc3 Bb4 4. e3 b6 5. Qb3 c5 6. a3 Ba5 7. Bd2 O-O 8. Nf3 cxd4 9. Nxd4 Bb7 10. f3 Na6 11. O-O-O d5 12. Kb1 e5 13. Nc2 d4 14. exd4 exd4 15. Na4 Rb8 16. Bf4 Nc5 17. Nxc5 bxc5 18. Bxb8 Qxb8 19. Bd3 Qc7 20. Na1 Rb8 21. Qc2 Bc6 22. Ka2 g6 23. Rb1 Kg7 24. h4 h5 25. Qc1 Re8 26. Nb3 Re3 27. Nxa5 Qxa5 28. Qc2 Nd7 29. Rbd1 Ne5 30. b3 Qc3 31. Qxc3 dxc3 32. Bf1 Bd7 33. b4 Ba4 34. Rc1 Nc6 35. f4 c2 36. Rh3 Re4 37. Rf3 Nd4 38. Bd3 Re8 39. Rf2 Re3 40. Bxc2 Nxc2 41. Rcxc2 Bxc2 42. Rxc2 Kf6 43. Kb2 Ke6 44. b5 Kf5 45. Rc3 Re2+ 46. Rc2 Re3 47. Rc3 Re2+ 48. Rc2 1/2-1/2

[Event "American Continental"]
[Site "Montevideo URU"]
[Date "2015.05.17"]
[Round "3"]
[White "Choma, Ernani Francisco"]
[Black "Kovalyov, Anton"]
[Result "1/2-1/2"]
[WhiteElo "2361"]
[BlackElo "2613"]
[PlyCount "49"]
[GameId "2130307659050727"]
[EventDate "2015.05.15"]
[EventType "swiss"]
[EventRounds "11"]
[EventCountry "URU"]
[SourceTitle "Mega2015 Update 27"]
[Source "Chessbase"]
[SourceDate "2015.05.29"]
[SourceVersion "2"]
[SourceVersionDate "2015.05.29"]
[SourceQuality "1"]

1. Nf3 Nf6 2. c4 e6 3. g3 d5 4. Bg2 Be7 5. O-O O-O 6. d4 c6 7. Qc2 b6 8. Nbd2 Bb7 9. e4 Na6 10. a3 dxc4 11. Nxc4 b5 12. e5 bxc4 13. Ng5 g6 14. exf6 Bxf6 15. Ne4 Bxd4 16. Bh6 Bg7 17. Bxg7 Kxg7 18. Qc3+ f6 19. Rfd1 Qe7 20. Nd6 Rad8 21. Nxb7 Qxb7 22. Qxc4 Nc7 23. Qxc6 Qxc6 24. Bxc6 f5 25. f4 1/2-1/2

[Event "American Continental"]
[Site "Montevideo URU"]
[Date "2015.05.17"]
[Round "4"]
[White "Kovalyov, Anton"]
[Black "Fernandez, Maria Florencia"]
[Result "1-0"]
[WhiteElo "2613"]
[BlackElo "2200"]
[PlyCount "67"]
[GameId "2130307659054900"]
[EventDate "2015.05.15"]
[EventType "swiss"]
[EventRounds "11"]
[EventCountry "URU"]
[SourceTitle "Mega2015 Update 27"]
[Source "Chessbase"]
[SourceDate "2015.05.29"]
[SourceVersion "2"]
[SourceVersionDate "2015.05.29"]
[SourceQuality "1"]

1. Nf3 Nf6 2. c4 g6 3. Nc3 Bg7 4. e4 d6 5. d4 O-O 6. Be2 e5 7. Be3 exd4 8. Nxd4 Re8 9. f3 Nc6 10. Nc2 Nh5 11. g4 Nf6 12. h3 a5 13. Qd2 b6 14. Bg5 Bb7 15. Rd1 h6 16. Be3 Nb4 17. Nd4 Nxe4 18. fxe4 Bxe4 19. O-O Qh4 20. Bf3 Bd3 21. Bg2 Bxf1 22. Rxf1 Rad8 23. a3 Na6 24. Nf3 Qe7 25. Nd5 Qf8 26. Bd4 Nc5 27. Bxg7 Qxg7 28. Nd4 Rf8 29. Nc6 Ne6 30. Nf6+ Kh8 31. Nxd8 Rxd8 32. Bd5 g5 33. Nh5 Qe5 34. Rf5 1-0

[Event "American Continental"]
[Site "Montevideo URU"]
[Date "2015.05.18"]
[Round "5"]
[White "Escalante Ramirez, Brian Sebastian"]
[Black "Kovalyov, Anton"]
[Result "1/2-1/2"]
[WhiteElo "2373"]
[BlackElo "2613"]
[PlyCount "120"]
[GameId "2130307659059037"]
[EventDate "2015.05.15"]
[EventType "swiss"]
[EventRounds "11"]
[EventCountry "URU"]
[SourceTitle "Mega2015 Update 27"]
[Source "Chessbase"]
[SourceDate "2015.05.29"]
[SourceVersion "2"]
[SourceVersionDate "2015.05.29"]
[SourceQuality "1"]

1. e4 c5 2. Nf3 d6 3. d4 cxd4 4. Nxd4 Nf6 5. Nc3 a6 6. Be2 e5 7. Nf3 Qc7 8. Bg5 Nbd7 9. a4 b6 10. Nh4 Bb7 11. Bf3 g6 12. O-O Rc8 13. g3 Qc4 14. Re1 h6 15. Bxf6 Nxf6 16. Ng2 Qb4 17. Ra3 Be7 18. Rb3 Qc5 19. Ne3 O-O 20. Re2 Rb8 21. Rd2 Rfc8 22. Bg2 Kg7 23. Qe2 h5 24. h4 Bf8 25. Qd1 Bc6 26. Bh3 Rc7 27. Qf3 Rcb7 28. Bf1 b5 29. axb5 axb5 30. Ncd5 Nxd5 31. Nxd5 Bxd5 32. Rxd5 Qxc2 33. Rdxb5 Rxb5 34. Rxb5 Rxb5 35. Bxb5 Qxb2 36. Qd3 Be7 37. Bc4 Qb8 38. Qd5 Qf8 39. Kg2 Bd8 40. Qb7 Ba5 41. Bd5 Bc3 42. Qb3 Bd4 43. Qb7 Qe8 44. Qc7 Bc5 45. Qb7 Kf6 46. Bc6 Qd8 47. Bd5 Qf8 48. Qd7 Kg7 49. Qb7 Qe8 50. Qc7 Kf6 51. Bc6 Qe7 52. Qxe7+ Kxe7 53. Bd5 f5 54. Bc6 Kf6 55. f3 Bb4 56. Bd5 Be1 57. Kh3 f4 58. g4 g5 59. hxg5+ Kxg5 60. gxh5 Kxh5 1/2-1/2

[Event "American Continental"]
[Site "Montevideo URU"]
[Date "2015.05.19"]
[Round "6"]
[White "Kovalyov, Anton"]
[Black "Terry Lujan, Renato Alfredo"]
[Result "1-0"]
[WhiteElo "2613"]
[BlackElo "2464"]
[PlyCount "75"]
[GameId "2130307659059107"]
[EventDate "2015.05.15"]
[EventType "swiss"]
[EventRounds "11"]
[EventCountry "URU"]
[SourceTitle "Mega2015 Update 27"]
[Source "Chessbase"]
[SourceDate "2015.05.29"]
[SourceVersion "2"]
[SourceVersionDate "2015.05.29"]
[SourceQuality "1"]

1. Nf3 g6 2. d4 Bg7 3. c4 d6 4. g3 e5 5. Bg2 e4 6. Ng5 f5 7. f3 exf3 8. exf3 h6 9. Nh3 g5 10. O-O Nf6 11. Re1+ Kf7 12. Nc3 Re8 13. Be3 Nc6 14. Qd2 Bd7 15. Rad1 Ne7 16. Nf2 c6 17. Nd3 Kg8 18. Bf2 Ng6 19. c5 d5 20. Ne5 Nxe5 21. dxe5 Nh7 22. f4 Be6 23. Ne2 Bf8 24. Qc2 Qd7 25. Nd4 g4 26. h3 h5 27. hxg4 hxg4 28. Bf1 Be7 29. Bd3 Rf8 30. Kg2 b6 31. cxb6 c5 32. Bb5 Qc8 33. Nc6 Rf7 34. Bxc5 Bxc5 35. Qxc5 Kh8 36. Qd6 axb6 37. Nd4 Nf8 38. Rc1 1-0

[Event "American Continental"]
[Site "Montevideo URU"]
[Date "2015.05.21"]
[Round "8"]
[White "Kovalyov, Anton"]
[Black "Rodriguez Vila, Andres"]
[Result "1-0"]
[WhiteElo "2613"]
[BlackElo "2485"]
[PlyCount "103"]
[GameId "2130307659059210"]
[EventDate "2015.05.15"]
[EventType "swiss"]
[EventRounds "11"]
[EventCountry "URU"]
[SourceTitle "Mega2015 Update 27"]
[Source "Chessbase"]
[SourceDate "2015.05.29"]
[SourceVersion "2"]
[SourceVersionDate "2015.05.29"]
[SourceQuality "1"]

1. Nf3 f5 2. b3 d6 3. d4 Nf6 4. Bb2 g6 5. g3 Bg7 6. Bg2 O-O 7. O-O h6 8. Nbd2 Nc6 9. e3 Qe8 10. Nc4 b5 11. Na3 Rb8 12. c4 bxc4 13. Nxc4 Ba6 14. Rc1 Ne4 15. Re1 Nb4 16. a3 Na2 17. Rc2 Rxb3 18. Nfd2 Rd3 19. Qb1 Qf7 20. Nxe4 Bxc4 21. Nd2 Ba6 22. Bf1 Qd5 23. Ba1 Rxa3 24. Nc4 Ra4 25. Rxa2 Rxa2 26. Qxa2 Bb7 27. f3 g5 28. Bg2 f4 29. gxf4 gxf4 30. e4 Qf7 31. d5 Bxa1 32. Rxa1 e6 33. dxe6 Qxe6 34. Na5 Bc8 35. Nc6 Qxa2 36. Rxa2 Bb7 37. Ne7+ Kf7 38. Rxa7 Bxe4 39. fxe4 Kxe7 40. Rxc7+ Ke6 41. Kf2 Rf6 42. Kf3 Ke5 43. Ra7 Rf8 44. Ra5+ Ke6 45. Rh5 Rf6 46. Bh3+ Ke7 47. Ra5 Kf7 48. Bf5 Ke7 49. Kxf4 Rf8 50. Ra7+ Ke8 51. Rh7 Rf6 52. Rg7 1-0

[Event "American Continental"]
[Site "Montevideo URU"]
[Date "2015.05.22"]
[Round "9"]
[White "Kovalyov, Anton"]
[Black "Flores, Diego"]
[Result "1/2-1/2"]
[WhiteElo "2613"]
[BlackElo "2567"]
[PlyCount "120"]
[GameId "2130307659063351"]
[EventDate "2015.05.15"]
[EventType "swiss"]
[EventRounds "11"]
[EventCountry "URU"]
[SourceTitle "Mega2015 Update 27"]
[Source "Chessbase"]
[SourceDate "2015.05.29"]
[SourceVersion "2"]
[SourceVersionDate "2015.05.29"]
[SourceQuality "1"]

1. Nf3 Nf6 2. c4 c5 3. Nc3 Nc6 4. g3 g6 5. Bg2 Bg7 6. d4 O-O 7. O-O d6 8. dxc5 dxc5 9. Be3 Be6 10. Bxc5 Qa5 11. Ba3 Rfd8 12. Qb3 Qa6 13. Nb5 Rac8 14. Rad1 Rxd1 15. Rxd1 Na5 16. Qa4 Bxc4 17. Nfd4 Rd8 18. Nc7 Qb6 19. Nde6 Rxd1+ 20. Qxd1 Bxe6 21. Qd8+ Bf8 22. Bxe7 Nd7 23. Nxe6 Qxe6 24. Bxf8 Nc6 25. Bxc6 Nxf8 26. Bxb7 Qxa2 27. Qd2 Qe6 28. Bd5 Qf6 29. Kg2 Nd7 30. b3 Nb6 31. e4 Qe5 32. h4 h6 33. b4 g5 34. hxg5 hxg5 35. Qd3 Kg7 36. Bb3 Nc8 37. Qd5 Qxd5 38. Bxd5 g4 39. f4 gxf3+ 40. Kxf3 Nb6 41. Ke3 f5 42. Kd4 fxe4 43. Bxe4 Kf6 44. Bc6 Nc8 45. Bd7 Nd6 46. Kd5 Nf7 47. Bb5 Kg5 48. Be2 Nh6 49. g4 Ng8 50. Ke6 Nf6 51. Kd6 Ne4+ 52. Kc6 Nc3 53. Bf3 Kf4 54. Kb7 Kxf3 55. g5 Kf4 56. g6 Nd5 57. g7 Ne7 58. b5 Kf5 59. Kxa7 Kf6 60. g8=B Nxg8 1/2-1/2

[Event "American Continental"]
[Site "Montevideo URU"]
[Date "2015.05.23"]
[Round "10"]
[White "Yermolinsky, Alex"]
[Black "Kovalyov, Anton"]
[Result "0-1"]
[WhiteElo "2531"]
[BlackElo "2613"]
[PlyCount "80"]
[GameId "2130307659071623"]
[EventDate "2015.05.15"]
[EventType "swiss"]
[EventRounds "11"]
[EventCountry "URU"]
[SourceTitle "Mega2015 Update 27"]
[Source "Chessbase"]
[SourceDate "2015.05.29"]
[SourceVersion "2"]
[SourceVersionDate "2015.05.29"]
[SourceQuality "1"]

1. Nf3 Nf6 2. c4 e6 3. Nc3 Bb4 4. g3 b6 5. Bg2 Bb7 6. d3 O-O 7. e4 d5 8. e5 Nfd7 9. cxd5 Bxd5 10. O-O Bxc3 11. bxc3 c5 12. d4 h6 13. Nh4 Bxg2 14. Nxg2 Nc6 15. Re1 Re8 16. Nf4 cxd4 17. cxd4 Nf8 18. Be3 Ne7 19. Qg4 Nfg6 20. Nxg6 Nxg6 21. h4 Kf8 22. Qe4 Kg8 23. Qg4 Kf8 24. Qe4 Ne7 25. Rac1 Kg8 26. h5 Qd7 27. Rc2 Rac8 28. Rec1 Rxc2 29. Rxc2 Rc8 30. Kg2 Rxc2 31. Qxc2 Qd5+ 32. f3 Nc6 33. g4 b5 34. Kg3 a5 35. a3 b4 36. axb4 axb4 37. Qa4 b3 38. Qa1 Nb4 39. Qc3 Nc2 40. Bf2 Qb7 0-1

[Event "American Continental"]
[Site "Montevideo URU"]
[Date "2015.05.24"]
[Round "11"]
[White "Kovalyov, Anton"]
[Black "Cori Tello, Jorge"]
[Result "1/2-1/2"]
[WhiteElo "2613"]
[BlackElo "2609"]
[PlyCount "134"]
[GameId "2130307659071648"]
[EventDate "2015.05.15"]
[EventType "swiss"]
[EventRounds "11"]
[EventCountry "URU"]
[SourceTitle "Mega2015 Update 27"]
[Source "Chessbase"]
[SourceDate "2015.05.29"]
[SourceVersion "2"]
[SourceVersionDate "2015.05.29"]
[SourceQuality "1"]

1. Nf3 d5 2. d4 Nf6 3. c4 c6 4. e3 Bf5 5. Nc3 e6 6. Nh4 Bg6 7. Be2 Nbd7 8. g3 Be7 9. Bd2 a6 10. O-O O-O 11. Nxg6 hxg6 12. cxd5 exd5 13. Qb3 Qb6 14. Qxb6 Nxb6 15. f3 Rfe8 16. Bd3 c5 17. Rad1 Nfd7 18. Ne2 cxd4 19. exd4 Bf6 20. b3 Nf8 21. Kg2 Ne6 22. Be3 g5 23. Bg1 Nc8 24. f4 gxf4 25. Nxf4 Nxf4+ 26. Rxf4 Nd6 27. Rff1 Bd8 28. Rfe1 Rxe1 29. Rxe1 Rc8 30. Re5 Rc3 31. Rxd5 Be7 32. Re5 Bf6 33. Rd5 Be7 34. Be2 Rc2 35. Kf1 Rxa2 36. Be3 Ra1+ 37. Kg2 Ra2 38. Kf1 Ra1+ 39. Kg2 Ra2 40. Kf1 Ra1+ 41. Kg2 Re1 42. Kf3 Rb1 43. Bf4 Rxb3+ 44. Kg2 Rb2 45. Kf1 Rb1+ 46. Kg2 Rb2 47. Kf1 Rb6 48. Bf3 Kf8 49. Rc5 Rb4 50. Rc7 Rxd4 51. Bxd6 Bxd6 52. Rxb7 a5 53. Ke2 a4 54. Ke3 Rb4 55. Rxb4 Bxb4 56. Bd5 a3 57. g4 Be7 58. h3 g6 59. Kf4 f6 60. h4 Bd6+ 61. Ke4 Kg7 62. h5 f5+ 63. gxf5 g5 64. Kf3 Kf6 65. Kg4 Bf8 66. Ba2 Bh6 67. Bb3 Ke5 1/2-1/2

[Event "Brownsville Spring Break"]
[Site "Brownsville USA"]
[Date "2015.03.06"]
[Round "1"]
[White "Kovalyov, Anton"]
[Black "Stukopin, Andrey"]
[Result "1/2-1/2"]
[WhiteElo "2625"]
[BlackElo "2578"]
[PlyCount "51"]
[GameId "2130307661017616"]
[EventDate "2015.03.06"]
[EventType "tourn"]
[EventRounds "9"]
[EventCountry "USA"]
[EventCategory "9"]
[SourceTitle "Mega2015 Update 17"]
[Source "Chessbase"]
[SourceDate "2015.03.20"]
[SourceVersion "1"]
[SourceVersionDate "2015.03.20"]
[SourceQuality "1"]

1. d4 d5 2. c4 dxc4 3. e4 Nf6 4. e5 Nd5 5. Bxc4 Nb6 6. Bb3 Nc6 7. Nf3 Bg4 8. Ng5 Bxd1 9. Bxf7+ Kd7 10. Be6+ Ke8 11. Bf7+ Kd7 12. Be6+ Ke8 13. Bf7+ Kd7 14. Be6+ Ke8 15. Bf7+ Kd7 16. Be6+ Ke8 17. Bf7+ Kd7 18. Be6+ Ke8 19. Bf7+ Kd7 20. Be6+ Ke8 21. Bf7+ Kd7 22. Be6+ Ke8 23. Bf7+ Kd7 24. Be6+ Ke8 25. Bf7+ Kd7 26. Be6+ 1/2-1/2

[Event "Brownsville Spring Break"]
[Site "Brownsville USA"]
[Date "2015.03.07"]
[Round "2"]
[White "Hernandez Carmenates, Holden"]
[Black "Kovalyov, Anton"]
[Result "1/2-1/2"]
[WhiteElo "2537"]
[BlackElo "2625"]
[PlyCount "118"]
[GameId "2130307661017619"]
[EventDate "2015.03.06"]
[EventType "tourn"]
[EventRounds "9"]
[EventCountry "USA"]
[EventCategory "9"]
[SourceTitle "Mega2015 Update 17"]
[Source "Chessbase"]
[SourceDate "2015.03.20"]
[SourceVersion "1"]
[SourceVersionDate "2015.03.20"]
[SourceQuality "1"]

1. d4 Nf6 2. c4 e6 3. Nc3 Bb4 4. Bg5 c5 5. d5 d6 6. e3 exd5 7. cxd5 Nbd7 8. Bd3 Bxc3+ 9. bxc3 Qa5 10. Ne2 Nxd5 11. Be4 N5f6 12. Qxd6 Qb6 13. Qxb6 axb6 14. Bc2 h6 15. Bh4 Ne5 16. Bxf6 gxf6 17. O-O Be6 18. Rfb1 O-O-O 19. Rd1 Kc7 20. a4 Rhg8 21. Nf4 Nf3+ 22. Kh1 Nd2 23. Bd3 Nb3 24. Rab1 Na5 25. Nxe6+ fxe6 26. Be2 Nc6 27. g3 Ne7 28. Bc4 Nd5 29. Rd3 f5 30. Re1 Nf6 31. Rxd8 Rxd8 32. Bxe6 Ne4 33. Bxf5 Nxf2+ 34. Kg2 Nd1 35. c4 Nb2 36. e4 Nxc4 37. e5 Rd5 38. Kh3 Rxe5 39. Rxe5 Nxe5 40. Be4 c4 41. Kh4 Nd7 42. Bc2 Nf6 43. g4 Kd6 44. g5 hxg5+ 45. Kxg5 Ke5 46. h4 c3 47. Bb1 Ke6 48. h5 Nxh5 49. Kxh5 Kd5 50. Kg4 Kc4 51. Bc2 b5 52. axb5 Kxb5 53. Kf3 Kb4 54. Ke3 Ka3 55. Kd4 b5 56. Kxc3 b4+ 57. Kd4 Kb2 58. Ba4 Ka3 59. Bd1 Kb2 1/2-1/2

[Event "Brownsville Spring Break"]
[Site "Brownsville USA"]
[Date "2015.03.08"]
[Round "3"]
[White "Kovalyov, Anton"]
[Black "Vazquez, Guillermo"]
[Result "1/2-1/2"]
[WhiteElo "2625"]
[BlackElo "2394"]
[PlyCount "123"]
[GameId "2130307661017623"]
[EventDate "2015.03.06"]
[EventType "tourn"]
[EventRounds "9"]
[EventCountry "USA"]
[EventCategory "9"]
[SourceTitle "Mega2015 Update 17"]
[Source "Chessbase"]
[SourceDate "2015.03.20"]
[SourceVersion "1"]
[SourceVersionDate "2015.03.20"]
[SourceQuality "1"]

1. c4 Nf6 2. Nf3 e6 3. g3 b6 4. Bg2 Bb7 5. O-O g6 6. Nc3 Bg7 7. Re1 d5 8. cxd5 exd5 9. d4 O-O 10. Bg5 h6 11. Bxf6 Bxf6 12. b4 c6 13. Qb3 Nd7 14. Rad1 b5 15. e4 Nb6 16. Ne5 a6 17. a4 bxa4 18. Nxa4 Nxa4 19. Qxa4 Bxe5 20. dxe5 Qb6 21. exd5 cxd5 22. Qa5 Qe6 23. Bxd5 Bxd5 24. Rxd5 Rfe8 25. Red1 Rab8 26. h4 h5 27. Rd8 Rbxd8 28. Rxd8 Rxd8 29. Qxd8+ Kg7 30. Qd4 Kh7 31. Qc5 Qf5 32. Qd5 Kg8 33. Qa8+ Kh7 34. Qd5 Kg8 35. Kg2 Kg7 36. Qd4 Kg8 37. Qf4 Qd3 38. Qf3 Qc4 39. Qb7 Kg7 40. Qe7 Qe4+ 41. Kh2 Qf5 42. Qc5 Qe4 43. Qd6 Qc4 44. Qd2 Kh7 45. f3 Qf1 46. Qe3 Kg7 47. f4 Kh7 48. Qd2 Kg8 49. Qc2 Kh7 50. Qa2 Kg7 51. Qg2 Qb1 52. Qd2 Qf1 53. Qb2 Kh7 54. Qg2 Qc4 55. Qd2 Qf1 56. Qb2 Kg8 57. Qg2 Qc4 58. Qd2 Qf1 59. Qa2 Kg7 60. Qg2 Qb1 61. Qc6 Qf1 62. Qg2 1/2-1/2

[Event "Brownsville Spring Break"]
[Site "Brownsville USA"]
[Date "2015.03.08"]
[Round "4"]
[White "Ruiz Castillo, Joshua Daniel"]
[Black "Kovalyov, Anton"]
[Result "1/2-1/2"]
[WhiteElo "2417"]
[BlackElo "2625"]
[PlyCount "141"]
[GameId "2130307661017627"]
[EventDate "2015.03.06"]
[EventType "tourn"]
[EventRounds "9"]
[EventCountry "USA"]
[EventCategory "9"]
[SourceTitle "Mega2015 Update 17"]
[Source "Chessbase"]
[SourceDate "2015.03.20"]
[SourceVersion "1"]
[SourceVersionDate "2015.03.20"]
[SourceQuality "1"]

1. e4 c5 2. Nf3 e6 3. d4 cxd4 4. Nxd4 Nc6 5. Nc3 Qc7 6. g3 a6 7. Bg2 Nf6 8. O-O Nxd4 9. Qxd4 Bc5 10. Bf4 d6 11. Qd2 h6 12. Rad1 e5 13. Be3 Bg4 14. Bxc5 dxc5 15. f3 Be6 16. Nd5 Bxd5 17. exd5 Qd6 18. f4 O-O 19. fxe5 Qxe5 20. c4 Qd6 21. Rfe1 Rfd8 22. a4 a5 23. Re3 b6 24. Rde1 Re8 25. h3 Kf8 26. Kf2 Rxe3 27. Rxe3 Re8 28. Bf3 Nd7 29. Rxe8+ Kxe8 30. Qf4 Ke7 31. Ke3 Ne5 32. h4 Kd7 33. Bg4+ Ke8 34. b3 Qe7 35. Kd2 Qd6 36. Ke3 Qe7 37. Kd2 g6 38. Be2 h5 39. g4 hxg4 40. Bxg4 f5 41. Be2 Qf6 42. Ke3 Nf7 43. Bd3 Nd6 44. Qh6 Kf7 45. Qh7+ Kf8 46. Qh6+ Ke8 47. Qg5 Qf7 48. h5 gxh5 49. Kf4 h4 50. Qxh4 Qg7 51. Qe1+ Kd8 52. Qe5 Qh6+ 53. Kf3 Qh5+ 54. Kf2 Qg6 55. Bc2 Kd7 56. Bd3 Qh7 57. Qe6+ Kc7 58. Qe5 Qh4+ 59. Kf3 Qg5 60. Bc2 Qh5+ 61. Kg3 Qg6+ 62. Kf3 Kd7 63. Qe6+ Qxe6 64. dxe6+ Kxe6 65. Kf4 Kf6 66. Bd3 Ne4 67. Bxe4 fxe4 68. Kxe4 Ke6 69. Kf4 Kf6 70. Ke4 Ke6 71. Kf4 1/2-1/2